Recycling (CD.2)

Đã lưu trong:
书目详细资料
主要作者: Stewart, Sue
格式: 图书
语言:Undetermined
出版: Oxford Oxford University Press 2008
主题:
标签: 添加标签
没有标签, 成为第一个标记此记录!
Thư viện lưu trữ: Trung tâm Học liệu Trường Đại học Cần Thơ
LEADER 00548nam a2200193Ia 4500
001 CTU_190500
008 210402s9999 xx 000 0 und d
082 |a 428.4 
082 |b S849/CD.2 
100 |a Stewart, Sue 
245 0 |a Recycling (CD.2) 
245 0 |c Sue Stewart 
260 |a Oxford 
260 |b Oxford University Press 
260 |c 2008 
650 |a Reading comprehension,Short stories.,Truyện ngắn 
650 |x Problems, exercises, etc. 
904 |i Tuyến 
980 |a Trung tâm Học liệu Trường Đại học Cần Thơ